Quizzes
Events
Quiz Creation
Community
Videos
Private Events
Remove Ads
Sign In
Join for FREE
Feedback
Dark Mode
Quiz Categories
Sports
Geography
Music
Movies
Television
Just For Fun
Miscellaneous
History
Literature
Language
Science
Gaming
Entertainment
Religion
Holiday
For Kids
Quiz Lab
Recent
Popular Today
Quiz Kudos Today
Editor Picks
Curator Picks
Quizzes by...
Day
Popularity
Type
Ratings
Length
Year
Community
Subscriptions
Recent Discussions
Orange Saloon
Badges
Playlists
Quests
Create
Leaderboards
Showdown
Live 5
Trivia Bingo
Activity
Puzzle Library
Sporcle Events
Private Events
Virtual Trivia
Globe League
Become a Host
Pub Owners
SporcleCon
Opinionation
Our Games
Videos
Blog
Mobile Apps
Partnerships
Remove Ads and Go Orange
Feedback
Movies
Disney
Marvel Cinematic Universe
Movie Resume
Movie Titles
Oscar
Actor
Actress
Director
Pixar
Role
Movie Quotes
Movie Characters
Box Office
Nominee
Best Picture
Star Wars
James Bond
Horror Movies
Movies
Disney
Marvel Cinematic Universe
Movie Resume
Movie Titles
Oscar
Actor
Actress
Director
Pixar
Role
Movie Quotes
Movie Characters
Box Office
Nominee
Best Picture
Star Wars
James Bond
Horror Movies
Random Quiz
Search Sporcle
×
Quiz Lab
Quiz Lab
Movies
Star Wars
Type in answers that appear in a list
Type in answers that appear in a list
Classic
Best Score? Go Orange.
Star Wars Lightsaber Duels Stats
Can you name the characters of all 12 Star Wars Lightsaber Duels?
By
Babalou
5m
33 Questions
802 Plays
802 Plays
802 Plays
Comments
Comments
Give Quiz Kudos
Give Quiz Kudos
-
- Ratings
hide this ad
More Info
Replay
Link that replays current quiz
Next Quiz
Link to next quiz in quiz playlist
You Got
0%
They Got
Avg Score
86%
Avg Friend Score
Upgrade to see
Score Distribution
Jump to the score distribution portion of the page
Score
0/33
Timer
05:00
0
Plays Today
Place
% Correct
'Death Star II'
Luke Skywalker
99%
Naboo
Obi-Wan Kenobi
98.8%
Geonosis
Obi-Wan Kenobi
98.8%
'Invisible Hand'
Obi-Wan Kenobi
98.8%
Utapau
Obi-Wan Kenobi
98.8%
Mustafar
Obi-Wan Kenobi
98.8%
Bespin
Darth Vader
98.5%
'Death Star'
Darth Vader
98.5%
'Death Star II'
Darth Vader
98.5%
Geonosis
Anakin Skywalker
98.1%
'Invisible Hand'
Anakin Skywalker
98.1%
Naboo
Qui-Gon Jinn
97.6%
Geonosis
Yoda
97.2%
Coruscant
Yoda
97.2%
Mustafar
Darth Vader
97.1%
Coruscant
Darth Sidious
96.8%
Coruscant
Mace Windu
96.1%
Place
% Correct
Tatooine
Darth Maul
95.6%
Bespin
Luke Skywalker
95.5%
'Death Star'
Obi-Wan Kenobi
94.6%
Naboo
Darth Maul
93.5%
'Death Star II'
Darth Sidious
93.5%
Tatooine
Qui-Gon Jinn
93.5%
Coruscant
Darth Sidious
91.5%
Dagobah
Luke Skywalker
90.6%
Coruscant
Anakin Skywalker
89.4%
'Invisible Hand'
Darth Tyranus
88.3%
Geonosis
Darth Tyranus
87.9%
Utapau
General Grievous
86.4%
Coruscant
Kit Fisto
86%
Dagobah
Darth Vader
84.6%
Coruscant
Saesee Tiin
53%
Coruscant
Agen Kolar
52.9%
Quiz Playlist
Details
Report
Send in Message
Add To Playlist
More Info:
Number shown is Episode!
Classic:
Type in answers that appear in a list
Last Updated: Jul 17, 2017
Quiz Scoreboard
CHALLENGE
Sign Up to Join the Scoreboard
Show All
Scores
Hide
Comments
May contain spoilers
Recently Published
Movies - When Are They Set?
by FPL_Elf
Movies
5m
Popular People in 1961
by mucciniale
History
6m
1-10 Letter E Words III
by El_Dandy
Language
2m
More to Explore
Quiz From the Vault
Featured Blog Post
Where Did the Easter Bunny Come From?
hide this ad
You Might Also Like...
Tags
Star Wars Quiz
darth
Darth Vader
duel
Dueling
Emperor
Lightsaber
Skywalker
star
Vader
Today's Top Quizzes in Movies
Browse Movies
hide this ad
Today's Top Quizzes in Star Wars
Browse Star Wars
Top Contributed Quizzes in Movies
1
Multi-Oscar Nominations, One Movie, One Winner
2
12 Movies about Fictional 1960s Events
3
One Thing in Common: Movies
4
One Thing in Common: Movies II
5
Sunday Crossword: Film Score Composers
6
Three Word 'T' Movies Match Up
7
Three Word 'H' Movies Match Up
8
Three Word 'M' Movies Match Up
9
One Thing in Common: Oscars
10
Three Word 'P' Movies Match Up
Explore More
Trending Topics
Disney
Kpop
Marvel
Anime
Harry Potter
NBA
Crossword
NFL
Country
The Office
Song
WWE
Pokémon
Soccer
Puzzle
hide this ad
More By:
Babalou
Quiz
Plays
Rating
Category
Featured
Created
Star Wars Episode VI Deaths in order
4,494
4.20
Movies
Apr 11, 2017
Star Wars Episode IV Deaths in order
2,684
4.00
Movies
Apr 11, 2017
Rogue One : A Star Wars Story Deaths in order
2,625
5.00
Movies
Apr 11, 2017
Star Wars Episode III Deaths in order
2,272
5.00
Movies
Apr 11, 2017
Countries and Capitals of the World Match-ups
2,076
4.67
Geography
Aug 26, 2014
Go to Creator's Profile
Score Distribution
Quiz Creator Spotlight
Babalou
Follow
Send a Message
Quizzes Created
-
Created Quiz Play Count
-
More By This Creator
Popular Quizzes Today
1
Find the US States - No Outlines Minefield
2
Find the Countries of Europe - No Outlines Minefield
3
The Countries of the World
4
Popular People in 1961
5
1-10 Letter E Words III
6
US States
7
Find the US States
8
One Thing in Common: World Cities II
More Movies Quizzes
Airplane Movies
Quiz Lab
Trending Quizzes
Risky Map Clicking: Least Populous States A-Z
1-10 Letter F Words
1-10 Letter G Words
One Thing in Common: United Kingdom
Risky Map Clicking: Next State Alphabetically
Recently Updated
Leaping Animals
pecheneg
Reality TV Shows (A-Z)
bhenderson79
Rickey Henderson's Hall of Fame Teammates
pecheneg
Champions League XIs: Arsenal
pecheneg
Quick Pick: Celebrities in WWE's Hall of Fame
aduchscher
A-Z Keypad Blitz II
pecheneg
Multiple Oscar Actors
pecheneg
Mystery Phrase Blitz: Oscar 'Best Actors'
pecheneg
F. Scott Fitzgerald Novels
LTH
Pick 3 Villains
ddd62291
Trending Topics
Marvel
NBA
Disney
Harry Potter
Crossword
Anime
Kpop
Song
The Office
NFL
WWE
Soccer
Country
Puzzle
Pokémon
Your Account Isn't Verified!
In order to create a playlist on Sporcle, you need to verify the email address you used during registration. Go to your
Sporcle Settings
to finish the process.
Report this User
Report this user for behavior that violates our
Community Guidelines
.
Details:
Send Report
Go to the Sporcle.com Mobile Site →
Comments